00665nam a22001931a 450000100060000000300080000600500170001400800410003103500190007204000290009104100080012008200270012824500680015526000620022330000260028550400740031165100400038570000460042536477BD-RjUL20211209052507.0140624s1968 qea b 000 0 eng  a(BD-RjUL)36577 aLCbengcLCdLCdBD-RjUL aeng00a320.0994bREA 196822010aReadings in Australian government /cedited by Colin A. Hughes. aSt. Lucia, Qld. :bUniversity of Queensland Press,c1968. axii, 504 p. ;c25 cm. aBibliographical references included in "Notes to text": p. [459]-504. 0aAustraliaxPolitics and government.1 aHughes, Colin A.q(Colin Anfield),d1930-